000 01241nam0a2200277 i 4500
001 RU\NLR\BIBL_A\011260906
005 20240921213546.0
010 _a9785917560441
_946
021 _aRU
_b2016-80503
_95257
035 _a(NLR Aleph) 011260906
090 _a12214917
_c12214917
100 _a20161101d2016 um y0rusy50 ca
101 0 _arus
102 _aRU
105 _ay|||g|||000yy
200 1 _aРусский язык и культура речи
_eпрактикум-справочник
_fТ.С. Рубенкова
_gГос. бюджет. образоват. учреждение высш. образования "Белгор. гос. ин-т искусств и культуры"
210 _aБелгород
_cИПБ БРИИК
_d2016
215 _a158, [1] с.
_d20
320 _aБиблиогр.: с. 158 (2 назв.)
606 1 _aРусский язык
_jПрактические пособия
_xКультура речи
_91542537
_3RU\NLR\AUTH\66973867
686 1 _aШ141.12-923-72
700 1 _aРубенкова
_bТ. С.
_cканд. филол. наук
_gТатьяна Степановна
_9162641
_3RU\NLR\AUTH\770162685
942 _cBOOK
980 _aNBR